LEADER 01857nam0 2200433 450 001 000033466 005 20160330132927.0 010 $a88-06-59322-6$bVol. 2 010 $a88-06-59323-4$bVol. 3 100 $a20121010d1960----km-y0itaa50------ba 101 1 $aita 102 $aIT 200 1 $a<> sonnambuli$fHermann Broch$gtraduzione di Clara Bovero 210 $aTorino$cEinaudi$d1960 215 $aVolumi$d23 cm 327 1 $aIl secondo romanzo 1903: Esch o l'anarchia. - 1960. - 189 p.$aIl terzo romanzo 1918: Huguenau o il realismo ; con un saggio di Claudio Magris. - 1960. - 344 p. 454 1$12001$a<> Schlafwandler$948919 500 10$aEsch o l'anarchia 500 10$aHuguenau o il realismo 559 1 $aIl secondo romanzo 1903: Esch o l'anarchia 559 1 $aIl terzo romanzo, 1918: Huguenau o il realismo 606 1 $aNarrativa tedesca 676 $a833$v(22. ed.)$9Narrativa tedesca 700 1$aBroch,$bHermann$0124542 702 1$aBovero,$bClara 702 1$aMagris,$bClaudio 801 0$aIT$bUniversità della Basilicata - B.I.A.$gRICA$2unimarc 912 $a000033466 996 $aSchlafwandler$948919 997 $aUNIBAS BAS $aLETTERE CAT $aSTD083$b01$c20121010$lBAS01$h1051 CAT $aSTD083$b01$c20121010$lBAS01$h1053 CAT $aTTM$b30$c20160330$lBAS01$h1320 CAT $aTTM$b30$c20160330$lBAS01$h1328 CAT $aTTM$b30$c20160330$lBAS01$h1329 FMT Z30 -1$lBAS01$LBAS01$mBOOK$1BASA1$APolo Storico-Umanistico$2FMAS$BFondo Masini$3FMas/817/4068$6817/4068$5B817/4068$820121010$e189$f02$FPrestabile Generale$hIl secondo romanzo 1903: Easch o l'anarchia Z30 -1$lBAS01$LBAS01$mBOOK$1BASA1$APolo Storico-Umanistico$2FMAS$BFondo Masini$3FMas/817/4069$6817/4069$5B817/4069$820121010$e344$f02$FPrestabile Generale$hIl terzo romanzo 1918: Huguenau o il realismo